| 000 | 00712nam a22002537a 4500 | ||
|---|---|---|---|
| 003 | BUBTL | ||
| 008 | 130527b xxu||||| |||| 00| 0 eng d | ||
| 020 | _a978-81-317-2695-2 | ||
| 024 | _cAvailable | ||
| 037 | _cAvailable | ||
| 040 |
_aMBSTU LIBRARY _dMBSTU LIBRARY |
||
| 082 |
_222 _a621.367 / G5891d |
||
| 100 |
_aGonzalez, Rafael C. _93267 |
||
| 245 |
_aDigital image processing / _cRafael C. Gonzalez, Richard E. Woods |
||
| 250 | _a3rd ed. | ||
| 260 |
_aIndia : _bPearson, _cc2009. |
||
| 300 |
_axxiii, 954 p. : _c24 cm. |
||
| 650 | _2Computers. | ||
| 700 |
_aWoods, Richard E. _93266 |
||
| 856 |
_k0 _l0 _yDownload |
||
| 365 |
_b888.00 _d888.00 |
||
| 942 |
_2ddc _cBK |
||
| 999 |
_c419 _d419 |
||